000 00637cam a2200217 4500
001 45491
090 _a45491
100 _a19900326d1943 m y0pory5003 ba
101 0 _apor
102 _aPT
200 1 _aA vida e a obra de Darwin
_fAlberto Candeias
210 9 _aLisboa
_cEdições Cosmos,
_d[imp. 1941]
215 _a127, [1] p.
_cil.
_d19 cm
225 2 _aBiblioteca Cosmos
_v6
_h5.ª Seccão.
_iBiografias
_v1
600 _aDarwin,
_bCharles
675 _a929Darwin, Charles
_vBN
_zpor
675 _a575.8
_vBN
_zpor
700 1 _aCandeias,
_bAlberto,
_f1891-1972
702 1 _aDarwin,
_bCharles,
_f1809-1882
_4100
801 0 _aPT
_bBN
_gRPC
990 _cLIVROS